Welcome to CU Library Online Public Access Catalogue (OPAC)

A FIELD GUIDE FOR ON-FARM EXPERIMENTATION (Record no. 7668)

MARC details
000 -LEADER
fixed length control field 00375nam a22001337a 4500
005 - DATE AND TIME OF LATEST TRANSACTION
control field 20250924095001.0
008 - FIXED-LENGTH DATA ELEMENTS--GENERAL INFORMATION
fixed length control field 250924b |||||||| |||| 00| 0 eng d
020 ## - INTERNATIONAL STANDARD BOOK NUMBER
International Standard Book Number 9781311258
050 ## - LIBRARY OF CONGRESS CALL NUMBER
Classification number S 540
Item number .053 FIE
245 ## - TITLE STATEMENT
Title A FIELD GUIDE FOR ON-FARM EXPERIMENTATION
260 ## - PUBLICATION, DISTRIBUTION, ETC.
Name of publisher, distributor, etc. INTERNATIONAL INSTITUTE OF TROPICAL AGRICULTURE
Date of publication, distribution, etc. c1997
300 ## - PHYSICAL DESCRIPTION
Extent xv, 235p
942 ## - ADDED ENTRY ELEMENTS (KOHA)
Source of classification or shelving scheme Library of Congress Classification
Koha item type Books
Suppress in OPAC No
999 ## -
-- 7668
-- 7668
Holdings
Withdrawn status Lost status Source of classification or shelving scheme Damaged status Not for loan Collection Home library Current library Shelving location Date acquired Total checkouts Full call number Barcode Date last seen Copy number Price effective from Koha item type
    Library of Congress Classification     Non-fiction Science Library (Miotso) Science Library (Miotso) General stacks 11/03/2025   S 540.053 FIE SLM00005204 11/03/2025 1 11/03/2025 Books
    Library of Congress Classification     Non-fiction Science Library (Miotso) Science Library (Miotso) General stacks 11/03/2025   S 540.053 FIE SLM00005205 11/03/2025 2 11/03/2025 Books
    Library of Congress Classification     Non-fiction Undergraduate Library (Christ Temple) Undergraduate Library (Christ Temple) General stacks 09/24/2025   S 540.053 FIE ulct00004967 09/24/2025 1 09/24/2025 Books
    Library of Congress Classification     Non-fiction Undergraduate Library (Christ Temple) Undergraduate Library (Christ Temple) General stacks 09/24/2025   S 540.053 FIE ulct00004968 09/24/2025 2 09/24/2025 Books
    Library of Congress Classification     Non-fiction Undergraduate Library (Christ Temple) Undergraduate Library (Christ Temple) General stacks 09/24/2025   S 540.053 FIE ulct00004969 09/24/2025 3 09/24/2025 Books
© 2023-2024 Copyright: Central University Libraries. All Rights Reserved | Created by: Mahone Tech Office